Kerry Airport Destinations (Kerry, Ireland) - Statistics

General Stats
  • This quiz has been taken 36 times
    9 since last reset
  • The average score is 4 of 11
Answer Stats
Airline Destination % Correct
Ryanair Dublin
88%
Ryanair London (Luton)
88%
Ryanair London (Stansted)
88%
Ryanair Alicante
63%
Ryanair Manchester
50%
Ryanair Faro
38%
Ryanair Hahn
13%
Chalair Aviation Brest
0%
Chalair Aviation Brive
0%
Chalair Aviation Caen
0%
Chalair Aviation Pau
0%
No matching quizzes found
Score Distribution
Percent of People with Each Score
Percentile by Number Answered
Your Score History
You have not taken this quiz since the last reset